Normal view MARC view

Entry Personal Name

Number of records used in: 1

001 - CONTROL NUMBER

  • control field: 14540

003 - CONTROL NUMBER IDENTIFIER

  • control field: OSt

005 - DATE AND TIME OF LATEST TRANSACTION

  • control field: 20191213170026.0

008 - FIXED-LENGTH DATA ELEMENTS

  • fixed length control field: 191213|| aca||aabn | a|a d

040 ## - CATALOGING SOURCE

  • Original cataloging agency: OSt
  • Transcribing agency: OSt

100 ## - HEADING--PERSONAL NAME

  • Personal name: Singhvi, Abhishek Manu

670 ## - SOURCE DATA FOUND

  • Source citation: Work cat.: (OSt): Singhvi, Abhishek Manu, Institutional and non-institutional pillars of Indian democracy (HareKrushna Mahtab Memorial Lecture, Cuttack, Odisha, Saturday, 22 December, 2018)

Powered by Koha